[Event "AUT-chT 9596"]
[Site "Austria"]
[Date "1996.??.??"]
[Round "?"]
[White "Kortschnoj, Viktor Lvovich"]
[Black "Rabiega, Robert"]
[Result "1-0"]
[WhiteElo "2645"]
[BlackElo "2490"]
[PlyCount "80"]
[EventDate "1995.??.??"]
[EventType "team"]
[EventRounds "11"]
[EventCountry "AUT"]
[SourceTitle "CBM 052 Extra"]
[Source "ChessBase"]
[SourceDate "1996.07.01"]
[SourceVersion "1"]
[SourceVersionDate "1996.07.01"]
[SourceQuality "1"]

1. c4 e6 2. g3 d5 3. Bg2 Nf6 4. Nf3 dxc4 5. Qa4+ c6 6. Qxc4 b5 7. Qb3 Bb7 8.
O-O Be7 9. a4 a6 10. d4 Nbd7 11. Nc3 O-O 12. Bg5 b4 13. Nd1 c5 14. Ne3 Nd5 15.
Bxe7 Qxe7 16. Nc4 Rac8 17. Nfe5 cxd4 18. Nxd7 Qxd7 19. Rfd1 Qc7 20. Rxd4 a5 21.
e3 Ba6 22. Bf1 Ra8 23. Rad1 h6 24. e4 Nf6 25. Nd6 Bxf1 26. Kxf1 Qc5 27. Kg2 Ra7
28. Nb5 Raa8 29. R1d2 Rac8 30. Nd6 Rc7 31. Rc4 Qb6 32. Rxc7 Qxc7 33. Qc2 Qb6
34. Qc4 Rd8 35. Nc8 Rxc8 36. Qxc8+ Kh7 37. Qc4 h5 38. Re2 h4 39. e5 Qb7+ 40.
Kg1 h3 1-0

[Event "Beersheba m"]
[Site "Beersheba"]
[Date "1995.??.??"]
[Round "3"]
[White "Kortschnoj, Viktor Lvovich"]
[Black "Greenfeld, Alon"]
[Result "1-0"]
[WhiteElo "2635"]
[BlackElo "2570"]
[Annotator "Cifuentes Parada,L"]
[PlyCount "85"]
[EventDate "1995.??.??"]
[EventType "match"]
[EventRounds "6"]
[EventCountry "ISR"]
[SourceTitle "CBM 051"]
[Source "ChessBase"]
[SourceDate "1996.04.01"]
[SourceVersion "1"]
[SourceVersionDate "1996.04.01"]
[SourceQuality "1"]

1. c4 {Knaak Levant Ribli} c5 2. Nf3 Nc6 3. d4 cxd4 4. Nxd4 Nf6 5. Nc3 e6 6. g3
Qb6 7. Ndb5 Ne5 8. Bf4 $5 {Cifuentes: A novelty in a well known position. 8.
Bg2 is the normal move Ribli: Kortschnoj spielt sehr oft mit weissen Steinen
die Eroeffnung sehr agressiv. Natuerlich hat er diesen schaerfen Zug schon zu
Hause gruendlich analysiert.} (8. Bg2 a6 9. Qa4 Rb8 $5 (9... Neg4 10. O-O Rb8
11. b4 $5 axb5 12. Nxb5 $44 {Kramnik,V-Anand,V/Monaco Amber 25'/1994/EXP40/
INF60,(42)/}) 10. Be3 Bc5 11. Bxc5 Qxc5 12. Qa3 Qxa3 13. Nxa3 d6 $10 {Speelman,
J-Timman,J/London m/1989/CBM15/INF48,45/}) 8... Nfg4 (8... d6 9. Bg2 a6 (9...
Nxc4 $2 10. Qa4 Nxb2 11. Qb3 Ng4 12. O-O $18) 10. Qa4 Bd7 (10... Nfd7 11. c5 $1
Qxc5 (11... dxc5 12. Bxe5 Nxe5 13. Nc7+ $18) (11... Nxc5 12. Nxd6+ Ke7 13. Nd5+
$3 Kxd6 14. Bxe5+ Kxe5 15. Qf4# {mate}) 12. Be3 $18) 11. Be3 $1 Qd8 12. Bxb7
axb5 13. Qxa8 Qxa8 14. Bxa8 Nxc4 15. Bf3 $16) (8... Bc5 9. Bg2 $1 (9. e3 d6 10.
Be2 a6 11. Qa4 O-O 12. b4 axb5 $1 13. Qxa8 Bxb4 $19) 9... Bxf2+ 10. Kf1 Nfg4
11. Qd6 $1 Nxc4 12. Nc7+ Kd8 13. Qxb6 Bxb6 14. Nxa8 $18) 9. e3 Qc6 $6 {
Cifuentes: 9. ....a6 is better Ribli: Nach dieser schablonhaften und
fehlerhaften Antwort erhaelt Weiss klaren Vorteil.} (9... a6 $5 10. Nc7+ Qxc7
11. Qxg4 d6 (11... Qc6 12. Bxe5 Qxh1 13. O-O-O $1 (13. Ne4 f5 $1 14. Qh5+ g6
15. Qe2 $8 fxe4 16. Bxh8 Bb4+ $15) 13... Qxh2 14. Qf3 $44) 12. Qe2 Bd7 13. Bxe5
dxe5 14. Bg2 Be7 15. O-O O-O 16. Rac1 Rac8 17. Rfd1 Rfd8 18. c5 f5 $6 (18...
Bxc5 $1 19. Ne4 Bb5 20. Qf3 (20. Qc2 Be7 $17) 20... Rxd1+ 21. Qxd1 Qe7 22. Qc2
(22. a4 Be8 23. Qc2 a5 $1 24. Nxc5 b6 $17) 22... Rc7 (22... a5 23. Nxc5 b6 24.
Qd2 $14) 23. Nxc5 b6 24. b4 bxc5 25. bxc5 $14) 19. e4 $1 Bg5 20. Rb1 g6 21. b4
Bc6 22. Qc4 Qf7 23. a4 Bf6 24. b5 axb5 25. axb5 Be8 26. Rxd8 Rxd8 27. c6 $16 {
Anand,V-Leko,P/Wijk (11) 1996/1-0 (54)}) 10. h3 $1 {[#]} (10. e4 $2 Bc5 11.
Bxe5 Nxe5 12. f4 a6 $1 13. fxe5 axb5 14. cxb5 Qc7 $17) 10... Nf3+ (10... Qxh1
$5 11. hxg4 Nf3+ 12. Ke2 e5 $1 (12... Ng1+ 13. Kd2 $18) 13. Nd6+ $1 (13. Nc7+
Kd8 14. Nxa8 exf4 15. gxf4 b5 $1 (15... d6 $2 16. Qd5 $1 Ng1+ (16... Bxg4 17.
Kd3 $16) 17. Kd3 Qxd5+ 18. Nxd5 Bxg4 19. Bg2 Nf3 20. Rh1 h5 21. e4 $16) 16. Qd5
Bb7 17. Qxb5 $8 Bxa8 18. Qb8+ Ke7 19. Rd1 Ng1+ 20. Ke1 Nf3+ $10) 13... Bxd6 14.
Qxd6 f6 $8 15. Nd5 Kf7 16. Qe7+ Kg6 17. g5 $1 $40 fxg5 (17... Nxg5 18. Bxg5
Qh5+ (18... fxg5 19. Qxe5 {- B2) 17..,fxg5}) 19. Kd2 Qxg5 (19... fxg5 20. Bd3+
Kh6 21. Nf6 $1 Qf3 22. Ng4+ $1 Kh5 23. Nxe5 $18) 20. f4 Qh5 21. Bd3+ f5 22. Rh1
Qxh1 23. Qg5+ Kf7 24. Qxf5+ $18) 18. Bxe5 Nxe5 19. Qxe5 d6 20. Qxd6+ Kf7 21.
Qe7+ Kg6 22. Kd2 Kh6 23. f4 $1 gxf4 24. Be2 $1 Qh2 25. exf4 $18) 11. Ke2 Nge5 (
11... e5 $2 12. Qd5 $1 $18) 12. b3 g5 (12... a6 13. Bg2 axb5 14. Bxe5 Qc5 15.
Bxf3 Qxe5 16. Nxb5 $16) 13. Bg2 $1 $16 {Ribli: Nach dieser kalbluetigen Zug
steht der Nahziehende vor unloesbaren Problemen.} (13. Bxe5 $2 Nxe5 14. Bg2
Qxg2 15. Nc7+ Kd8 16. Nxa8 b6 $17) 13... gxf4 14. exf4 (14. gxf4 $2 Rg8) 14...
a6 (14... Qb6 15. fxe5 Nxe5 16. Na4 $1 Qa5 (16... Qd8 17. Qd4 f6 18. Nxa7 $18)
17. Qd4 Ng6 18. Rhd1 $18) 15. fxe5 axb5 16. Bxf3 Qc5 17. Nxb5 Qxe5+ 18. Kf1 Bg7
19. Kg2 $18 {Levant: This exact position appeared on Korchnoi's board on the
morning of the game and was analyzed by both himself and GM Har-Zvi. This was
the reason for White spending less than 3 minutes until this move whilst Black
had spent over 95 minutes! Instead of White's last move 19. a4! is preferable.}
(19. a4 $5 Qxa1 20. Qxa1 Bxa1 21. Nc7+ Kd8 22. Nxa8 Bd4 23. Ke2 $18 {The king
in the centre gives White the advantage in the ending}) 19... Qxa1 (19... Qb8
20. Nd6+ Ke7 21. c5 $1 Bxa1 22. Qxa1 Rg8 23. Re1 $1 Qa7 24. Nf5+ Kf8 (24... Ke8
25. Qf6 Qxc5 26. Bh5 Rg6 27. Bxg6 hxg6 28. Qh8+ Qf8 29. Nd6+ Ke7 30. Qxf8+ Kxf8
31. Rc1 $18) (24... Kd8 25. Qf6+ Kc7 26. Ne7 $1 Rf8 27. Nd5+ $18) 25. Qf6 exf5
26. Qh6+ $1 Rg7 27. Qd6+ $18) (19... O-O 20. Qd2 Qb2 (20... Qxa1 21. Rxa1 Bxa1
22. Nd6 $18) 21. Qxb2 Bxb2 22. Rad1 $18) 20. Nc7+ Kd8 21. Qxa1 (21. Nxa8 $6
Qxa2 22. Nb6 Qa5 $16) 21... Bxa1 22. Nxa8 Bd4 23. b4 (23. Rd1 e5 24. a4 $18)
23... b6 24. Rd1 e5 25. a4 Rg8 $1 26. c5 $1 (26. Rxd4 {Knaak} exd4 27. Nxb6 Re8
$1 28. Kf1 d3 $13) 26... bxc5 27. b5 Rg6 28. b6 Rf6 29. Rb1 c4 (29... Rxf3 30.
Kxf3 Bb7+ 31. Ke2 Bxa8 32. b7 Bxb7 33. Rxb7 $16 {[%cal Ya4a8]}) 30. b7 Bxb7 31.
Rxb7 d5 {/\ e4, קf2} 32. Rb8+ (32. Rb5 $5 {Knaak}) 32... Kd7 33. Bg4+ Kc6 34.
f4 c3 35. a5 c2 36. a6 $4 (36. Nb6 $1 {Knaak} Bxb6 37. axb6 Kc5 (37... exf4 38.
Rc8+ Kxb6 39. Rxc2 fxg3 40. Kxg3 $18) 38. Rc8+ Rc6 39. b7 c1=Q 40. b8=Q Qd2+
41. Kf1 Qc1+ 42. Kf2 Qd2+ 43. Be2 Qd4+ 44. Kf1 Qa1+ 45. Kg2 $18) (36. Rc8+ Kb7
37. Rxc2 Kxa8 38. Rd2 $16) 36... Bc5 $4 (36... Kc5 $19 37. Bd7 Bc3 38. Rc8+ Kd4
39. Nc7 Rb6 (39... c1=Q $2 40. Nb5+ Kd3 41. Rxc3+ Qxc3 42. Nxc3 Kxc3 43. Bb5
$18) 40. a7 c1=Q 41. Nb5+ Rxb5 42. Bxb5 Qb2+ 43. Kf3 Be1 44. Kg4 Qa3 45. a8=Q
Qxg3+ 46. Kf5 Qg6#) 37. Rc8+ Kb5 38. Nc7+ Kc4 39. Be2+ Kb3 40. Ne6 $1 $8 (40.
a7 $2 c1=Q 41. a8=Q Qg1+ 42. Kf3 Qf2+ 43. Kg4 Qxe2+ 44. Kh4 Rh6+ 45. Kg5 Qh5#)
40... c1=Q 41. Nxc5+ Ka3 (41... Ka2 42. a7 Ra6 43. a8=Q Rxa8 44. Rxa8+ Kb1 45.
Ra1+ Kxa1 46. Nb3+ $18) 42. a7 Ra6 43. a8=Q 1-0

[Event "NED-chT 9596"]
[Site "Netherlands"]
[Date "1995.??.??"]
[Round "?"]
[White "Kortschnoj, Viktor Lvovich"]
[Black "Kosashvili, Yona"]
[Result "1-0"]
[WhiteElo "2635"]
[BlackElo "2560"]
[PlyCount "105"]
[EventDate "1995.??.??"]
[EventType "team"]
[EventRounds "9"]
[EventCountry "NED"]
[SourceTitle "EXT 1999"]
[Source "ChessBase"]
[SourceDate "1998.11.16"]
[SourceVersion "1"]
[SourceVersionDate "1998.11.16"]
[SourceQuality "1"]

1. d4 Nf6 2. c4 e6 3. Nc3 Bb4 4. e3 O-O 5. Bd3 c5 6. Nge2 d5 7. O-O cxd4 8.
exd4 dxc4 9. Bxc4 Nbd7 10. a3 Be7 11. Nf4 Nb6 12. Ba2 Qd6 13. Re1 Rd8 14. Qf3
Qxd4 15. Be3 Qd7 16. Nxe6 fxe6 17. Bxb6 axb6 18. Bxe6+ Qxe6 19. Rxe6 Bxe6 20.
Qe2 Rd6 21. Nb5 Rad8 22. Nxd6 Rxd6 23. Rc1 Kf7 24. h3 Bd5 25. Rc3 Bc6 26. b4 b5
27. Rd3 Nd5 28. Qh5+ Kg8 29. Qe5 Kf7 30. a4 b6 31. axb5 Bb7 32. Qh5+ Kg8 33.
Qe8+ Bf8 34. g3 Rf6 35. Qd7 Nxb4 36. Qxb7 Nxd3 37. Qd5+ Kh8 38. Qxd3 Bc5 39.
Qd5 Bxf2+ 40. Kg2 Bc5 41. g4 h6 42. h4 Kh7 43. g5 Rd6 44. Qe4+ Kg8 45. Qe8+ Kh7
46. Kf3 hxg5 47. hxg5 Rd4 48. Qh5+ Kg8 49. g6 Rd7 50. Qh7+ Kf8 51. Qh8+ Ke7 52.
Qxg7+ Ke6 53. Qxd7+ 1-0

[Event "SUI-chT"]
[Site "Switzerland"]
[Date "1995.??.??"]
[Round "4"]
[White "Kortschnoj, Viktor Lvovich"]
[Black "Godena, Michele"]
[Result "1-0"]
[WhiteElo "2635"]
[BlackElo "2420"]
[PlyCount "95"]
[EventDate "1995.??.??"]
[EventType "team-tourn"]
[EventRounds "9"]
[EventCountry "SUI"]
[SourceTitle "CBM 049 Extra"]
[Source "ChessBase"]
[SourceDate "1996.01.01"]
[SourceVersion "1"]
[SourceVersionDate "1996.01.01"]
[SourceQuality "1"]

1. d4 d5 2. c4 e6 3. Nc3 c6 4. Nf3 Nf6 5. g3 Be7 6. Bg2 O-O 7. O-O b6 8. Ne5
Bb7 9. e4 dxc4 10. Nxc4 Ba6 11. b3 b5 12. Ne3 b4 13. Ne2 Bxe2 14. Qxe2 Qxd4 15.
Bb2 Qb6 16. g4 $5 Rd8 17. g5 Ne8 18. h4 Nd7 19. Rfd1 Nf8 20. Nc4 Qa6 21. Bf1
Rxd1 22. Qxd1 Rd8 23. Qf3 Qb7 24. Rc1 c5 25. Ne5 Nd6 26. Bg2 Ng6 27. Nxg6 hxg6
28. h5 gxh5 29. Qxh5 Nb5 30. g6 fxg6 31. Qxg6 Nd4 32. Bxd4 Rxd4 33. Bh3 Kf8 34.
Bxe6 Bd6 35. Qh5 Qc7 36. Kg2 g6 37. Qh8+ Ke7 38. Bd5 Qd7 39. Qg7+ Kd8 40. Qxg6
Kc7 41. Rh1 Be7 42. Rh7 Rxd5 43. exd5 Qxd5+ 44. Kg1 Kd8 45. Qg4 Qe5 46. Qd1+
Ke8 47. Qd3 Bd6 48. Qf3 1-0

[Event "SUI-chT"]
[Site "Switzerland"]
[Date "1995.??.??"]
[Round "6"]
[White "Ballmann, Martin"]
[Black "Kortschnoj, Viktor Lvovich"]
[Result "0-1"]
[WhiteElo "2345"]
[BlackElo "2635"]
[Annotator "Bulletin"]
[PlyCount "58"]
[EventDate "1995.??.??"]
[EventType "team-tourn"]
[EventRounds "9"]
[EventCountry "SUI"]
[SourceTitle "CBM 049 Extra"]
[Source "ChessBase"]
[SourceDate "1996.01.01"]
[SourceVersion "1"]
[SourceVersionDate "1996.01.01"]
[SourceQuality "1"]

1. d4 Nf6 2. Nf3 g6 3. c3 Bg7 4. Bf4 b6 5. e3 Bb7 6. h3 O-O 7. Nbd2 d6 8. Be2
Nbd7 9. O-O Qe8 10. Bh2 e5 11. dxe5 Nxe5 12. Nxe5 dxe5 13. Bf3 e4 14. Be2 Qe7
15. Qb3 Nd7 16. Qc2 Nc5 17. b4 Nd3 18. Rad1 f5 19. Bxd3 exd3 20. Qxd3 Rad8 21.
Qc2 Qg5 22. Bg3 h5 23. Qb3+ Kh7 24. Qc4 f4 25. exf4 Qf5 26. Bh4 Rd3 27. Nb1
Rxh3 28. Bg3 h4 (28... Rh1+ 29. Kxh1 Qh3+ 30. Bh2 Qxg2#) 29. Qd3 $2 (29. Bh2
$142) 29... Rh1+ 0-1

[Event "San Francisco"]
[Site "San Francisco"]
[Date "1995.??.??"]
[Round "1"]
[White "Ashley, Maurice"]
[Black "Kortschnoj, Viktor Lvovich"]
[Result "0-1"]
[WhiteElo "2460"]
[BlackElo "2635"]
[Annotator "Blatny,P"]
[PlyCount "48"]
[EventDate "1995.??.??"]
[EventType "game"]
[EventCountry "ARG"]
[SourceTitle "CBM 046"]
[Source "ChessBase"]
[SourceDate "1995.06.01"]
[SourceVersion "1"]
[SourceVersionDate "1995.06.01"]
[SourceQuality "1"]

1. e4 {Ftacnik} c6 2. d4 d5 3. Nd2 dxe4 4. Nxe4 Bf5 5. Ng3 Bg6 6. Nf3 Nf6 7.
Ne5 Nbd7 (7... e6 8. Nxg6 hxg6 9. Bg5 Nbd7 10. c3 Qa5 {Lehmann-Becker/Kehl/
1989/}) 8. Nxg6 hxg6 9. Bd3 Qc7 (9... e6 10. Qf3 Bd6 11. Ne4 Nxe4 12. Bxe4 Nf6
(12... Rxh2 13. Rxh2 Bxh2 14. g3 Nf6 15. c3 {/\Kf1-g2}) 13. Bd3 Qa5+ 14. c3 Qd5
15. Be2 O-O-O {Klovans,J-Brunner,L/Bad Woerishofen op/1993/}) 10. Qf3 e6 11.
Be3 c5 12. dxc5 (12. O-O {Ftacnik} a6) 12... Bxc5 13. Bxc5 Nxc5 14. Bb5+ $6 (
14. O-O-O $142) 14... Ke7 15. O-O-O Rh4 $1 16. Be2 (16. Rd2 {Ftacnik} Qa5)
16... Rc8 17. Kb1 b5 (17... Nce4 {Ftacnik} 18. Qa3+ $1) 18. Qe3 (18. Bxb5 Rb4
$1 $17 {Wirthensohn} (18... Qb6 19. Be2 Na4 20. Qa3+ Rb4 21. Rd3 Qc5 $40) 19.
c4 Qa5 20. Qf4 Kf8 21. Qd6+ Kg8 22. Qe7 a6 23. Qa7 Qa3 24. Rd2 Qc3 $1 25. Rc2
Qd3 26. a3 Rxb5 27. cxb5 Nb3 28. Ka2 Rxc2 29. bxa6 Nc1+ 30. Ka1 Qc4) 18... b4
19. Rd2 $2 (19. Qg5 Rf4 20. Bf3 e5 21. Rhe1 Ne6 22. Qxe5 Qxc2+ $40) (19. Rc1 {
Ftacnik} a5 $40) 19... Nce4 $1 $19 20. Nxe4 Nxe4 21. Rd4 Qxc2+ 22. Ka1 Nd2 $1 {
/\Qc1} (22... Rxh2 23. Rhd1 {עe7}) 23. b3 (23. Qg5+ f6 24. Qxd2 (24. Qxh4 {
Ftacnik} Qc1+) 24... Rxd4 25. Qxc2 Rxc2 $19) (23. Qxd2 {Ftacnik} Rxd4 24. Qxd4
Qc1+) 23... Nxb3+ $1 24. axb3 (24. Qxb3 {Ftacnik} Rxd4 $19) 24... Rc5 {/\Ra5#}
0-1

[Event "San Francisco"]
[Site "San Francisco"]
[Date "1995.??.??"]
[Round "5"]
[White "Huebner, Robert"]
[Black "Kortschnoj, Viktor Lvovich"]
[Result "0-1"]
[WhiteElo "2620"]
[BlackElo "2635"]
[Annotator "Knaak,R"]
[PlyCount "36"]
[EventDate "1995.??.??"]
[EventType "game"]
[EventCountry "ARG"]
[SourceTitle "CBM 046"]
[Source "ChessBase"]
[SourceDate "1995.06.01"]
[SourceVersion "1"]
[SourceVersionDate "1995.06.01"]
[SourceQuality "1"]

1. e4 {Kortschnoj Ftacnik Bangiev} e6 2. d4 d5 3. Nc3 Nf6 4. e5 Nfd7 5. f4 c5
6. Nf3 Nc6 7. Be3 cxd4 8. Nxd4 Qb6 9. Ncb5 {Nach dieser Partie wird man wohl
wieder zu dem Bauernopfer 9.Qd2 greifen.} (9. Qd2 {Bangiev} Qxb2 10. Rb1 Qa3
11. Bb5 {Die Hauptvariante.}) 9... a6 $1 {Eine Neuerung von Kortschnojs
Landsmann Beat Züger.} (9... Bc5 10. c3 $1 a6 11. b4 $1 axb5 12. bxc5 Qxc5 13.
Nf5 Qxc3+ 14. Bd2 Qb2 15. Rb1 Qxa2 16. Nd6+ Kf8 17. Bxb5 $44 {
Tseshkovsky-Dreev/St.Petersburg/1993/0-1/31/ ;BIG Database.}) 10. Nf5 Bc5 11.
Bxc5 $4 (11. Nbd6+ $142 $10 Kf8 12. Qh5 Nd8 13. Nxg7 $1 Bxe3 (13... h6 14.
Nxe6+ fxe6 15. Qe8+ Kg7 16. Qe7+ Kg8 17. Qe8+ $10) (13... Kxg7 {Bangiev} 14.
Qg5+ Kf8 15. Qh6+ Ke7 16. Qg5+ $10) (13... Qxb2 $5 14. Nxe6+ $1 fxe6 15. Qh6+
Kg8 16. Qg5+ Kf8 17. Qh6+ $10) 14. Nxe6+ $1 fxe6 $1 (14... Ke7 $2 15. Qg5+ $1 (
15. Nxd8 $2 Kxd8 16. Nxf7+ Kc7 17. Nxh8 Qb4+ 18. c3 Qxb2 $19) 15... f6 (15...
Kxe6 16. f5+ Kxe5 17. Qe7+ Kf4 $1 (17... Kd4 18. Nb5+ axb5 19. c3#) (17... Ne6
18. Nxf7+ Kxf5 19. Bd3+ $18) 18. Be2 $1 (18. Qh4+ Ke5 $10) 18... Bf2+ 19. Kf1
Rg8 20. g3+ Rxg3 21. hxg3+ Bxg3 22. Rh4+ Bxh4 23. Qxh4+ Ke5 24. Qe7+ Ne6 25.
Re1 $18) 16. Qg7+ Kxe6 17. f5+ $1 (17. Qg4+ Ke7 18. Qg7+ Nf7 19. Qxf7+ Kd8 $13)
17... Kxe5 18. Qe7+ Kf4 19. Be2 Bf2+ 20. Kf1 Rg8 21. g3+ Rxg3 22. hxg3+ Bxg3
23. Kg2 $1 Qf2+ 24. Kh3 Nc6 25. Qg7 $18) 15. Qh6+ Kg8 16. Qg5+ Kf8 {mit Remis
durch Dauerschach.}) 11... Nxc5 (11... Qxc5 $2 {Bangiev} 12. Nc7+) 12. Nbd6+
Kf8 13. Qh5 (13. Nxc8 Rxc8 $1 (13... Qb4+ 14. c3 Qe4+ 15. Qe2 (15. Be2 Qxf5 (
15... Qxg2 $5 16. Bf3 Qxb2 17. Nfd6 Nd3+ 18. Qxd3 Qxa1+ 19. Bd1 Qxa2 $13) 16.
Nb6 (16. Nd6 Qxf4 17. Rf1 Qh4+ 18. g3 Qxh2 19. Rxf7+ Kg8 $17) 16... Rd8 17. O-O
$14) 15... Qxf5 16. Nb6 Rd8 17. g3 $15) 14. Nd6 Qxb2 $1 (14... Rc7 {Bangiev}
15. Qc1 Nb4 $5 $36) (14... Ne4 {Kortschnoj} 15. Nxe4 dxe4 16. Qd6+ Kg8 17.
O-O-O $13) 15. Bxa6 (15. Nxc8 Qc3+ 16. Ke2 (16. Qd2 Qxa1+ 17. Qd1 Qxa2 $17)
16... Nd4+ 17. Kf2 Ne4+ 18. Kg1 Qe3#) (15. Rb1 {Ftacnik} Qc3+ 16. Qd2 Qxd2+ 17.
Kxd2 Rc7 $17) 15... Ra8 16. Be2 Qc3+ {-/+/-+}) 13... Nd8 14. Nxg7 (14. Nxc8 {
Ftacnik} Qb4+ $1 15. c3 (15. Ke2 Rxc8 16. Nd6 Qxb2 $17) (15. Kd1 Ne4) 15...
Qxb2 16. Rd1 Qxc3+) 14... Qb4+ (14... Kxg7 $2 {Ftacnik} 15. Qg5+ Kf8 16. Qh6+
Ke7 (16... Kg8 $2 17. Ne8) 17. Qf6+ Kd7 18. Qxh8 Qb4+ (18... Qxb2 19. Rd1 Qb4+
20. Rd2 Qxf4 21. Be2 $14) 19. c3 Qxb2 20. Bb5+ $1 axb5 21. O-O {Nunn,J-Zueger,
B/SKA Cup/1990/}) 15. c3 (15. Kd1 {Bangiev} Qd4+ $1 (15... Qxb2 $6 16. Qg5 $1 (
16. Qh6 Qxa1+ 17. Ke2 Ke7 $17) 16... Qxa1+ 17. Ke2 Nc6 (17... Bd7 $2 18. Qh6 $1
Kg8 (18... Ke7 19. Ndf5+ $18) 19. Nge8 $18) 18. Qf6 (18. Nh5 $5 $16 {Fritz3})
18... Nd4+ 19. Kf2 Ne4+ 20. Nxe4 dxe4 21. Nh5 $1 (21. Qd8+ Kxg7 22. Qg5+ $10)
21... e3+ 22. Kxe3 (22. Kg3 Rg8+ 23. Kh3 Bd7 $17) 22... Nf5+ (22... Qc3+ 23.
Ke4 Qxc2+ 24. Kxd4 $16) 23. Ke2 Nd4+ 24. Kf2 Nc6 25. Qxh8+ Ke7 26. Qf6+ $36) (
15... Qxf4 16. Nge8 Qd4+ 17. Bd3 Nxd3 (17... h6 $5) 18. Qh6+ Ke7 19. Qg5+ Kd7
20. Nf6+ Kc7 $17) 16. Bd3 Nxd3 17. c3 Nxb2+ 18. Kc2 Qf2+ 19. Kb3 Nc4 $17) 15...
Qxb2 $1 (15... Qxf4 {wäre wegen} 16. Be2 {mit der Drohung 17.Rf1 nur halb so
stark.}) 16. Rd1 (16. Qh6 Qxa1+ 17. Kf2 Qxa2+ 18. Be2 Ke7) (16. Qg5 {Bangiev}
Qxa1+ 17. Kf2 Qb2+ 18. Be2 Qb6 $17) 16... Qxc3+ 17. Rd2 h6 $1 {nimmt Weiß
jegliche Hoffnung.} (17... Kxg7 {Ftacnik} 18. Qg5+ Kf8 19. Qh6+) 18. Nge8 Ne4 (
18... Ne4 {Ftacnik} 19. Nxe4 dxe4 $19) 0-1

[Event "San Francisco"]
[Site "San Francisco"]
[Date "1995.??.??"]
[Round "8"]
[White "Tisdall, Jonathan D"]
[Black "Kortschnoj, Viktor Lvovich"]
[Result "0-1"]
[WhiteElo "2470"]
[BlackElo "2635"]
[Annotator "Ftacnik,L"]
[PlyCount "50"]
[EventDate "1995.??.??"]
[EventType "game"]
[EventCountry "ARG"]
[SourceTitle "CBM 046"]
[Source "ChessBase"]
[SourceDate "1995.06.01"]
[SourceVersion "1"]
[SourceVersionDate "1995.06.01"]
[SourceQuality "1"]

1. d4 {Kortschnoj} Nf6 2. c4 g6 3. Nc3 d5 4. Nf3 Bg7 5. Qb3 dxc4 6. Qxc4 O-O 7.
e4 a6 8. Be2 b5 9. Qb3 c5 10. dxc5 Bb7 11. O-O Nxe4 12. Nxe4 Bxe4 13. Rd1 (13.
Bg5 $5 $14 {Kortschnoj}) 13... Qc7 14. Be3 (14. Ng5 $6 Bf5 15. Be3 Nc6 16. Rd2
$6 Ne5 $1 17. Bd4 Nc4 18. Bxc4 bxc4 19. Qe3 $1 Rac8 $1 20. Nf3 e5 $6 21. Bxe5
Bxe5 22. Qxe5 Qxe5 23. Nxe5 Rxc5 24. Nf3 {Morovic Fernandez,I-Gulko,B/New York
op/1988/0-1 (60)}) 14... Nc6 15. Rd2 (15. a4 b4 $1 (15... Na5 16. Qb4 Bc2 17.
axb5 axb5 18. Rf1 Nc6 19. Qxb5 Rab8 20. Qc4 {Farago,I-Mikhalchishin,A/Portoroz
Vidmar/1993/0.5 (20)}) 16. Nd4 Be5 $5 17. h3 e6 $5 18. Nxc6 (18. Nxe6 fxe6 19.
f4 Rae8 20. fxe5 Qxe5 21. Bh6 Nd4 22. Rxd4 Qxd4+ 23. Qe3 Qxb2 24. Rc1 {Farago,
I-Horvath,J/Zalakaros op (08)/1994/0-1 (43)}) 18... Qxc6 19. Bf1 Bd5 20. Qxb4
Rfb8 21. Qa5 Rxb2 22. Ra3 $1 h5 $1 23. Qe1 $5 Rb3 24. Rxb3 {Farago,
I-Mikhalchishin,A/Slovenija/1993/0.5 (40)}) (15. a4 $10 {Kortschnoj}) 15... e6
16. Ng5 (16. a4 b4 $1) 16... Bd5 17. Qc2 Rad8 (17... Nb4 18. Qb1 Rad8 19. a3
Nc6 20. Qc2) 18. Bf3 Nb4 19. Qd1 (19. Qb1 Bxf3 20. Nxf3 Rxd2 21. Nxd2 Nd5 $17)
19... Bxf3 (19... Bxa2 {Kortschnoj} 20. b3 a5 $17) 20. Qxf3 (20. Nxf3 Bxb2 $1
$17) 20... Nd5 21. Rad1 (21. Rc2 h6 22. Ne4 f5 $17) 21... Nxe3 22. Qxe3 (22.
Rxd8 Nxd1 23. Rxf8+ Bxf8 24. Qxd1 Bxc5 $17) 22... Bxb2 $1 23. Qh3 (23. Ne4 {
Kortschnoj} Rxd2 24. Rxd2 Bg7 25. Nd6 $146) 23... h5 24. Nxe6 (24. Rxd8 Rxd8
25. Rxd8+ Qxd8 26. Qb3 Qxg5 27. Qxb2 Qxc5 $19) 24... Rxd2 $1 25. Rxd2 Qe5 (
25... Qe5 26. Qe3 fxe6 $19) 0-1

[Event "PCA/Intel-GP"]
[Site "Moscow"]
[Date "1995.04.27"]
[Round "1.1"]
[White "Kortschnoj, Viktor Lvovich"]
[Black "Azmaiparashvili, Zurab"]
[Result "1-0"]
[WhiteElo "2635"]
[BlackElo "2610"]
[PlyCount "133"]
[EventDate "1995.04.??"]
[EventType "k.o. (rapid)"]
[EventRounds "4"]
[EventCountry "RUS"]
[SourceTitle "CBM 046 Extra"]
[Source "ChessBase"]
[SourceDate "1995.07.01"]
[SourceVersion "1"]
[SourceVersionDate "1995.07.01"]
[SourceQuality "1"]

1. d4 g6 2. g3 Bg7 3. Bg2 c5 4. Nf3 cxd4 5. Nxd4 Nc6 6. Nb3 d6 7. O-O Nf6 8.
Nc3 O-O 9. h3 Bd7 10. e4 Rc8 11. Nd5 Ne5 12. a4 Nc4 13. c3 e6 14. Ne3 Qb6 15.
Re1 Rfd8 16. Nxc4 Rxc4 17. Be3 Qc7 18. Nd2 Rc6 19. c4 Be8 20. Rc1 a6 21. b4 b5
22. e5 dxe5 23. Bxc6 Qxc6 24. cxb5 Qb7 25. Qf3 Nd5 26. bxa6 Qxa6 27. b5 Qxa4
28. b6 Rb8 29. Rc4 Qa6 30. Rb1 Bb5 31. Rc5 Be2 32. Qg2 Nxe3 33. fxe3 Qd3 34. b7
Bf8 35. Rc8 Rxb7 36. Rxb7 Qxd2 37. Rxf7 Qd1+ 38. Rf1 Bxf1 39. Qxf1 Qd6 40. Qf3
Kg7 41. Kg2 Qd2+ 42. Qf2 Qd5+ 43. Kh2 Qd6 44. e4 Be7 45. h4 Qd4 46. Qxd4 exd4
47. Rc7 Kf6 48. e5+ Kf7 49. Rd7 h5 50. Kg2 Ke8 51. Rxd4 Bc5 52. Rc4 Ba3 53. Kf3
Bb2 54. Kf4 Kf8 55. Rc2 Bd4 56. Re2 Kg7 57. Rd2 Bc3 58. Rd7+ Kf8 59. Rd3 Bb2
60. Kg5 Bxe5 61. Kxg6 Ke7 62. Kxh5 Kf6 63. g4 Bf4 64. g5+ Kf5 65. Rd8 e5 66.
Rf8+ Ke6 67. g6 1-0

[Event "PCA/Intel-GP"]
[Site "Moscow"]
[Date "1995.04.29"]
[Round "2.1"]
[White "Kortschnoj, Viktor Lvovich"]
[Black "Ivanchuk, Vassily"]
[Result "1-0"]
[WhiteElo "2635"]
[BlackElo "2700"]
[PlyCount "77"]
[EventDate "1995.04.??"]
[EventType "k.o. (rapid)"]
[EventRounds "4"]
[EventCountry "RUS"]
[SourceTitle "CBM 046 Extra"]
[Source "ChessBase"]
[SourceDate "1995.07.01"]
[SourceVersion "1"]
[SourceVersionDate "1995.07.01"]
[SourceQuality "1"]

1. c4 Nf6 2. Nf3 g6 3. Nc3 d5 4. cxd5 Nxd5 5. Qa4+ Bd7 6. Qh4 Nxc3 7. Qd4 f6 8.
Qxc3 e5 9. e4 Nc6 10. a3 a5 11. Bc4 Bc5 12. d3 Bd4 13. Nxd4 Nxd4 14. Be3 c5 15.
Bxd4 cxd4 16. Qd2 Qe7 17. Rc1 Be6 18. Bxe6 Qxe6 19. Qh6 Rc8 20. Rxc8+ Qxc8 21.
O-O Kf7 22. f4 Qc7 23. fxe5 Qxe5 24. g4 Ke6 25. Qg7 Rc8 26. Qxb7 Rc7 27. Qb3+
Ke7 28. Qg8 Rc2 29. Qxh7+ Ke6 30. Qh8 a4 31. Kh1 Kf7 32. Qh6 Ke6 33. Qh8 Kf7
34. Qh7+ Ke6 35. Qh6 Qg5 36. Qh8 Rc1 37. Qe8+ Kd6 38. Qd8+ Ke6 39. Qd5+ 1-0